|
|
|
|
| LEADER |
00000ny a22000003n 4500 |
| 005 |
20110516130627.0 |
| 008 |
940103c19uu9999us qr1p 0 a0eng d |
| 022 |
0 |
|
|a 1073-9467
|
| 035 |
|
|
|a 5187
|
| 040 |
|
|
|a UCA
|d vlex
|
| 090 |
|
|
|c 1957
|d 1957
|
| 245 |
0 |
0 |
|a Middle East quarterly
|h [Recurso electrn̤ico]
|
| 256 |
|
|
|a Servicio en ln̕ea
|
| 260 |
|
|
|a Estados Unidos :
|b Middle East Forum
|
| 310 |
|
|
|a Trimestral
|
| 506 |
1 |
|
|a Contenido solo disponible en los productos indicados
|d vLex Global
|d vLex Global (Academic Edition, excluding Law Schools)
|d vLex Global (U.S. Academic Edition, excluding Law Schools)
|
| 650 |
0 |
4 |
|a Ciencia polt̕ica
|x Publicaciones perid̤icas
|
| 650 |
0 |
4 |
|a Oriente Medio
|x Publicaciones perid̤icas
|
| 710 |
2 |
|
|a Middle East Forum
|
| 740 |
0 |
|
|a vLex Revista (Servicios en ln̕ea)
|
| 843 |
|
|
|a Electrn̤ica. Abierta
|
| 853 |
|
|
|8 1
|i (year)
|j (month)
|k (day)
|
| 856 |
4 |
0 |
|z Acceso restringido
|u http://vlex.com/account/login_ip?fuente_id=5187
|
| 942 |
|
|
|c REV
|
| 999 |
|
4 |
|a Oriente medio
|v Publicaciones periÃ℗đdicas.
|